| 000 | 01607cam a22004094i 4500 | ||
|---|---|---|---|
| 003 | PE-LiUPU | ||
| 005 | 20250731172854.0 | ||
| 008 | 160815s2016 r 000 0 spa d | ||
| 035 | _a(Sirsi) a162983 | ||
| 082 | 0 | 4 |
_a243 _bV32 _220 |
| 100 | 1 |
_aVargas Díaz, Ynmer, _eautor. |
|
| 245 |
_aHuellas en la nieve / _cYnmer Vargas Díaz. |
||
| 264 |
_aLima, Perú :bGráficos Jorge, _c[2016] |
||
| 300 |
_a79 páginas ; _c21 centímetros |
||
| 336 |
_atext _2rdacontent |
||
| 337 |
_aunmediated _2rdamedia |
||
| 338 |
_avolume _2rdacarrier |
||
| 505 | 0 |
_tNoche oscura y tenebrosa -- _tA mitad de camino -- _tComo las águilas -- Una lección de vida -- _tKarla -- _tChana -- _tElena -- _tEn las manos de Dios / _rDavid Maldonado Huacho -- _tEl poder de la palabra -- _tLa foto del éxito -- _tLanca -- _tHuellas en la nieve. |
|
| 526 | _aSEG42 | ||
| 526 | _aSEG41 | ||
| 526 | _aSEG40 | ||
| 526 | _aSEG39 | ||
| 526 | _aP94 | ||
| 526 | _aP87 | ||
| 526 | _aP86 | ||
| 526 | _aP85 | ||
| 526 | _aP77 | ||
| 526 | _aP76 | ||
| 526 | _aP35 | ||
| 650 | 0 | 4 | _aHistorias evangelizadoras. |
| 650 | 0 | 4 | _aVida Cristiana. |
| 596 | _a1 | ||
| 942 |
_2ddc _cBOOK |
||
| 999 |
_a243 V32 _wDEWEY _c11894 _i74287 _f2021-11-10 _g5 _lCCODEBUL1 _mBUL _p4.00 _r0 _sY _tBOOK _u2016-8-15 _xTEOLOGIA _PP35 _0COMPRA _o.STAFF. Colección Teología _d11894 |
||
| 999 |
_a243 V32 _wDEWEY _c2 _i74288 _d2018-8-15 _f2021-11-10 _g5 _lCCODEBUL1 _mBUL _p4.00 _q1 _r0 _sY _tBOOK _u2016-8-15 _xTEOLOGIA _PP35 _0COMPRA _o.STAFF. Colección Teología |
||
| 980 |
_81 _gALBERTO SANCHEZ Responsable de Automatización |
||